| 000 -LEADER |
| fixed length control field |
02006pam a22003614a 4500 |
| 001 - CONTROL NUMBER |
| control field |
4231970 |
| 003 - CONTROL NUMBER IDENTIFIER |
| control field |
OSt |
| 005 - DATE AND TIME OF LATEST TRANSACTION |
| control field |
20210810162038.0 |
| 008 - FIXED-LENGTH DATA ELEMENTS--GENERAL INFORMATION |
| fixed length control field |
030515s2004 njua b 001 0 eng |
| 010 ## - LIBRARY OF CONGRESS CONTROL NUMBER |
| LC control number |
2003049879 |
| 020 ## - INTERNATIONAL STANDARD BOOK NUMBER |
| International Standard Book Number |
8177584219 |
| 035 ## - SYSTEM CONTROL NUMBER |
| System control number |
(OCoLC)ocm52302055 |
| 035 ## - SYSTEM CONTROL NUMBER |
| System control number |
(NNC)4231970 |
| 038 ## - RECORD CONTENT LICENSOR |
| Staff Name |
khadija |
| 040 ## - CATALOGING SOURCE |
| Original cataloging agency |
DLC |
| Transcribing agency |
DLC |
| Modifying agency |
YDX |
| -- |
OrLoB-B |
| 042 ## - AUTHENTICATION CODE |
| Authentication code |
pcc |
| 050 00 - LIBRARY OF CONGRESS CALL NUMBER |
| Classification number |
TJ230 |
| Item number |
.S82 2004 |
| 082 00 - DEWEY DECIMAL CLASSIFICATION NUMBER |
| Classification number |
621.815 |
| Edition number |
21 |
| Author Mark |
SPO |
| 100 1# - MAIN ENTRY--PERSONAL NAME |
| Personal name |
Spotts, Merhyle Franklin, |
| Dates associated with a name |
1895- |
| 9 (RLIN) |
35900 |
| 245 10 - TITLE STATEMENT |
| Title |
Design of Machine Elements / |
| Statement of responsibility, etc. |
M.F. Spotts, T.E. Shoup, L.E. Hornberger. |
| 250 ## - EDITION STATEMENT |
| Edition statement |
8th ed. |
| 260 ## - PUBLICATION, DISTRIBUTION, ETC. |
| Place of publication, distribution, etc. |
Upper Saddle River, N.J. : |
| Name of publisher, distributor, etc. |
Pearson Prentice Hall, |
| Date of publication, distribution, etc. |
c2004. |
| 300 ## - PHYSICAL DESCRIPTION |
| Extent |
xvi, 928 p. : |
| Other physical details |
ill. ; |
| Dimensions |
24 cm + |
| Accompanying material |
1 CD-ROM (4 3/4 in.). |
| 504 ## - BIBLIOGRAPHY, ETC. NOTE |
| Bibliography, etc. note |
Includes bibliographical references and index. |
| 505 00 - FORMATTED CONTENTS NOTE |
| Miscellaneous information |
Ch. 1. |
| Title |
Fundamental Principles -- |
| Miscellaneous information |
Ch. 2. |
| Title |
Working Stresses and Failure Theories -- |
| Miscellaneous information |
Ch. 3. |
| Title |
Design of Shafts -- |
| Miscellaneous information |
Ch. 4. |
| Title |
Springs -- |
| Miscellaneous information |
Ch. 5. |
| Title |
Screws -- |
| Miscellaneous information |
Ch. 6. |
| Title |
Belts, Clutches, Brakes and Chains -- |
| Miscellaneous information |
Ch. 7. |
| Title |
Welded and Riveted Connections -- |
| Miscellaneous information |
Ch. 8. |
| Title |
Lubrication -- |
| Miscellaneous information |
Ch. 9. |
| Title |
Ball and Roller Bearings -- |
| Miscellaneous information |
Ch. 10. |
| Title |
Spur Gears -- |
| Miscellaneous information |
Ch. 11. |
| Title |
Helical, Bevel, and Worm Gears -- |
| Miscellaneous information |
Ch. 12. |
| Title |
Miscellaneous Machine Elements -- |
| Miscellaneous information |
Ch. 13. |
| Title |
Principles of Form Synthesis -- |
| Miscellaneous information |
Ch. 14. |
| Title |
Engineering Materials -- |
| Miscellaneous information |
Ch. 15. |
| Title |
Designing with Plastic Materials. |
| 520 1# - SUMMARY, ETC. |
| Summary, etc. |
"Now in its eighth edition, this newly revised version of a classic text from the field of machine design contains 15 self-contained chapters covering the fundamental principles for this important branch of mechanical engineering. The material is drawn from a variety of sources and makes extensive use of structured computational examples to illustrate actual design applications."--BOOK JACKET. |
| 563 ## - BINDING INFORMATION |
| Binding note |
Paper back |
| 650 #0 - SUBJECT ADDED ENTRY--TOPICAL TERM |
| Topical term or geographic name entry element |
Machine design. |
| 9 (RLIN) |
18984 |
| 700 1# - ADDED ENTRY--PERSONAL NAME |
| Personal name |
Shoup, Terry E., |
| Dates associated with a name |
1944- |
| 9 (RLIN) |
35901 |
| 700 1# - ADDED ENTRY--PERSONAL NAME |
| Personal name |
Hornberger, Lee Emrey. |
| 9 (RLIN) |
35902 |
| 900 ## - EQUIVALENCE OR CROSS-REFERENCE-PERSONAL NAME [LOCAL, CANADA] |
| Numeration |
TOC |
| 942 ## - ADDED ENTRY ELEMENTS (KOHA) |
| Source of classification or shelving scheme |
|
| Koha item type |
Book |